Systémové opatrenia vlády na ochranu územia pred povodňami

Dokument MP SR o opatreniach vlády SR pred povodňami. Osem čiastkových vedecko-technických projektov zameraných na vecné riešenie. Vytvorenie účelového fondu na financovanie nákladov na zabezpečovacie a záchranné práce.

Guardado en:
Detalles Bibliográficos
Formato: Capítulo de libro
Lenguaje:eslovaco
Materias:
Etiquetas: Agregar Etiqueta
Sin Etiquetas, Sea el primero en etiquetar este registro!

MARC

LEADER 00000naa a2200000 4500
001 r043612
005 20230720100216.1
041 0 |a slo 
044 |a SK 
245 1 0 |a Systémové opatrenia vlády na ochranu územia pred povodňami 
520 |a Dokument MP SR o opatreniach vlády SR pred povodňami. Osem čiastkových vedecko-technických projektov zameraných na vecné riešenie. Vytvorenie účelového fondu na financovanie nákladov na zabezpečovacie a záchranné práce. 
610 2 0 |a povodne 
610 2 0 |a ochrana pôdy 
610 2 0 |a opatrenia 
610 2 0 |a vláda 
610 2 0 |a fondy finančné 
610 2 0 |a Slovensko